Les meilleurs footballeurs de tous les temps selon ChatGPT - Statistiques

Statistiques générales
  • Ce quiz a été pris 273 fois
  • Le résultat moyen est 8 sur 10
Statistiques - réponses
Place Footballeur % Correct
4. Cristiano Ronaldo
100%
2. Lionel Messi
100%
8. Ronaldo (R9)
99%
1. Pelé
95%
3. Diego Maradona
92%
6. Zinédine Zidane
89%
10. Ronaldinho
74%
5. Johan Cruyff
66%
9. Michel Platini
58%
7. Franz Beckenbauer
44%
Aucun quiz correspondant
Distribution des résultats
% des personnes avec chaque résultat
Percentile par nombre de réponses
Votre historique - résultats
Vous n’avez pas pris ce quiz